| 000 | 00578nam a22001817a 4500 | ||
|---|---|---|---|
| 999 |
_c163400 _d163400 |
||
| 005 | 20190412173244.0 | ||
| 010 | _aB-026925 | ||
| 020 | _a0074636561 | ||
| 035 | _aB-026925 | ||
| 037 | _bTata McGraw-Hill Publishing Company Ltd. | ||
| 082 | _a658.1511 | ||
| 100 | _aKhan, M.Y. | ||
| 245 |
_aManagement accounting: _bthird edition / _cM. Y. Khan {and} P.K. Jain |
||
| 260 |
_aNew Delhi _bTata McGraw-Hill Publishing Company Ltd. _c2000 |
||
| 300 |
_aVarying pages (it include index) _c24cm(hbk) |
||
| 700 | _aJain, P. K. | ||
| 942 |
_2ddc _cEN _h658.1511 _mKHA |
||